000 01014nmc a2200349 a 4500
003 AR-BaBNM
005 20251128203941.0
008 011101s1990 ||||||||||||||000 | spa||
020 _a84-7046-299-7
040 _cAR-BaBNM
100 1 _aGonzález Muñoz, Carmen
245 1 0 _aComposición de la población mundial
250 _a2ª ed. act. y corr.
260 _aMadrid
_bCincel
_c1990
300 0 _a134 p.
_bmapas, gráfs., tablas
490 0 _aCuadernos de estudio. Geografía
_vv. 3
500 0 _aApéndices: "Ejercicios y actividades" - "Documentos de apoyo"
500 0 _aContiene glosario: p. 129-131
504 _aBibliografía: p. 133-134
521 _aSECUNDARIO
650 4 _aGEOGRAFIA HUMANA
650 4 _aGEOGRAFIA ECONOMICA
650 4 _aETNOGRAFIA
650 4 _aDEMOGRAFIA
650 4 _aMEDIO URBANO
650 4 _aMEDIO RURAL
650 4 _aSOCIOLOGIA
650 4 _aDESARROLLO ECONOMICO Y SOCIAL
800 1 _aPuyol, Rafael
_ecoordinador
942 _cBK
998 _cHector
999 _c5588
_d5588